Villes européennes par monument - images (2) - Statistiques

Statistiques générales
  • Ce quiz a été pris 130 fois
  • Le résultat moyen est 8 sur 20
Statistiques - réponses
Par images Réponse % Correct
Paris (Tour Eiffel)
100%
Lisbonne (Tramway)
95%
Moscou (Place Rouge)
92%
Venise (Basilique Saint-Marc)
88%
Genève (Jet d'eau)
66%
Dublin (Grafton Street)
61%
Edimbourg (Château d'Edimbourg)
50%
Vienne (Palais du Belvédère)
45%
Reykjavik (Eglise Hallgrímskirkja)
38%
Stockholm (Gamla Stan)
36%
Munich (Alstadt-Lehel)
28%
Varsovie (Pałac Kultury i Nauki)
27%
Madrid (Palais Royal)
21%
Bruxelles (Quartier européen)
18%
Bucarest (Palais du Parlement)
17%
La Valette (Basilique Notre-Dame)
17%
Talinn (Cathédrale Alexandre-Nevski)
15%
Riga (Vecrīga)
12%
Nicosie (Büyük Han)
7%
Thessalonique (Tour Blanche)
6%
Aucun quiz correspondant
Distribution des résultats
% des personnes avec chaque résultat
Percentile par nombre de réponses
Votre historique - résultats
Vous n’avez pas pris ce quiz